|
|
|
|
| LEADER |
00000cam a2200000 7i4500 |
| 001 |
0000028853 |
| 005 |
20200901.0 |
| 008 |
200602 my may |
| 020 |
|
|
|a 9789675822063
|
| 040 |
|
|
|a INS
|b eng
|e rda
|
| 090 |
0 |
0 |
|a PL5139
|b M43 2012
|
| 100 |
0 |
|
|a Mia Kiff ,
|e author
|
| 245 |
1 |
0 |
|a Bidadari salju
|c Mia Kiff
|
| 264 |
|
1 |
|a Petaling Jaya :
|b Leeds Publications (M)
|c 2009
|
| 300 |
|
|
|a Rawang, Selangor :
|b SR Publication ;
|c 2012.
|
| 336 |
|
|
|a text
|2 rdacontent
|
| 337 |
|
|
|a unmediated
|2 rdamedia
|
| 337 |
|
|
|a volume
|2 rdacarrier
|
| 650 |
|
0 |
|a Malay fiction
|
| 999 |
|
|
|a 0000024688
|b BOOK
|c Open Shelf
|e Default branch
|